Organizations and strategies in astronomy (Record no. 14575)

MARC details
000 -LEADER
fixed length control field 00613nam a2200205Ia 4500
003 - CONTROL NUMBER IDENTIFIER
control field IN-BaIIA
008 - FIXED-LENGTH DATA ELEMENTS--GENERAL INFORMATION
fixed length control field 211028s9999 xx 000 0 eng d
020 ## - INTERNATIONAL STANDARD BOOK NUMBER
International Standard Book Number 0-7923-7172-0
040 ## - CATALOGING SOURCE
Transcribing agency IIA Library
080 ## - UNIVERSAL DECIMAL CLASSIFICATION NUMBER
Universal Decimal Classification number 52(082.1)
Item number ASS-266
245 #0 - TITLE STATEMENT
Title Organizations and strategies in astronomy
Remainder of title vol. 2
Statement of responsibility, etc. edited by Andre Heck
260 ## - PUBLICATION, DISTRIBUTION, ETC.
Place of publication, distribution, etc. Dordrecht
Name of publisher, distributor, etc. Kluwer Academic
Date of publication, distribution, etc. 2001
300 ## - PHYSICAL DESCRIPTION
Extent ix, 280p.
490 ## - SERIES STATEMENT
Series statement Astrophysics and space science library; v. 266
650 ## - SUBJECT ADDED ENTRY--TOPICAL TERM
Topical term or geographic name entry element Astronomy: Scientometrics
9 (RLIN) 25925
650 ## - SUBJECT ADDED ENTRY--TOPICAL TERM
Topical term or geographic name entry element Cosmology
650 ## - SUBJECT ADDED ENTRY--TOPICAL TERM
Topical term or geographic name entry element Space science
700 ## - ADDED ENTRY--PERSONAL NAME
Personal name Heck, Andre., ed.
9 (RLIN) 17833
942 ## - ADDED ENTRY ELEMENTS (KOHA)
Koha item type Books
Holdings
Withdrawn status Lost status Damaged status Not for loan Home library Current library Shelving location Date acquired Source of acquisition Cost, normal purchase price Total Checkouts Full call number Barcode Date last seen Cost, replacement price Price effective from Koha item type Purchase Price
        IIA Library-Bangalore IIA Library-Bangalore General Stacks 15/04/2002 ANJ 5086.00   52(082.1)/ ASS-266 15497 05/11/2021 5086.00 15/04/2002 Books Rs. 5086.00

Powered by Koha